Ewige Tabelle der Premier League - Statistiken

Allgemein
  • Dieses Quiz wurde 3.807 mal gespielt
  • Das Durchschnittsergebnis liegt bei 26 aus 49
Antwortstatistiken
Pl. Team % Korrekt
7 Manchester City
99%
1 Manchester United
99%
2 FC Arsenal
98%
3 FC Chelsea
98%
4 FC Liverpool
98%
5 Tottenham Hotspur
95%
6 FC Everton
85%
9 Aston Villa
81%
10 West Ham United
81%
8 Newcastle United
80%
14 Leicester City
78%
36 Nottingham Forest
78%
32 Wolverhampton Wanderers
74%
13 Leeds United
72%
41 Brighton & Hove Albion
71%
11 FC Southampton
69%
16 FC Fulham
67%
19 Crystal Palace
64%
24 Norwich City
58%
17 AFC Sunderland
57%
30 Birmingham City
57%
33 FC Burnley
56%
38 AFC Bournemouth
51%
28 Swansea City
49%
12 Blackburn Rovers
47%
44 Cardiff City
47%
35 FC Watford
46%
39 Sheffield United
46%
40 Hull City
40%
29 Queens Park Rangers
40%
21 Stoke City
40%
34 Derby County
38%
20 West Bromwich Albion
38%
31 FC Portsmouth
37%
23 Sheffield Wednesday
36%
46 Huddersfield Town
34%
37 Ipswich Town
34%
18 Bolton Wanderers
32%
15 FC Middlesbrough
29%
47 FC Blackpool
26%
42 FC Reading
24%
27 Wigan Athletic
23%
26 Charlton Athletic
20%
22 Coventry City
20%
48 FC Barnsley
17%
45 Bradford City
11%
25 Milton Keynes Dons
9%
43 Oldham Athletic
9%
49 Swindon Town
8%
Keine übereinstimmenden Quizze gefunden
Verteilung der Resultate
Anzahl Personen mit jedem Resultat
Perzentil nach korrekt beantworteten Fragen
Ihre Resultats-Entwicklung
Sie haben dieses Quiz noch nicht gespielt